Multiple Choice City Quiz – Nashua - Statistics

General Stats
  • This quiz has been taken 27 times
    24 since last reset
  • The average score is 5 of 10
Answer Stats
Question Answer % Correct
Nashua is named for... an Algonquin tribe
93%
Nashua borders what U.S. state? Massachusetts
86%
What was the main industry that grew Nashua in the mid-19th century? Textiles and cotton
57%
On the opposite side of the above river is what town? Hudson
50%
What river forms Nashua's eastern border? Merrimack River
50%
The highest temperature in New Hampshire was recorded in Nashua in 1911. What was it? 106°F
43%
What county is Nashua part of? Hillsborough
43%
Which >100,000 city is closest to Nashua geographically? Lowell
36%
True or False: There is an interstate highway that passes through Nashua False
29%
Which U.S. president's first campaign stop was in front of Nashua's city hall? John F. Kennedy
29%
No matching quizzes found
Score Distribution
Percent of People with Each Score
Percentile by Number Answered
Your Score History
You have not taken this quiz since the last reset